| 000 | 00668 a2200205 4500 | ||
|---|---|---|---|
| 999 |
_c9307 _d9307 |
||
| 020 | _a0198750633 (U.S. : pbk.) : | ||
| 050 | 0 | 0 | _aJC571 THE 1984 |
| 100 |
_aWaldron, Jeremy _eeditor |
||
| 245 | 0 | 0 |
_aTheories of rights / _cedited by Jeremy Waldron. |
| 264 |
_aOxford : _bOxford University Press, _c1984. |
||
| 300 | _a209 p. ; | ||
| 440 | 0 | _aOxford readings in philosophy | |
| 500 | _aIncludes index. | ||
| 504 | _aBibliography: p. [202]-205. | ||
| 650 | 0 | _aCivil rights. | |
| 650 | 0 | _aHuman rights. | |
| 700 | 1 | _aWaldron, Jeremy. | |
| 856 | 4 | 2 |
_3Publisher description _uhttp://www.loc.gov/catdir/enhancements/fy0605/84009648-d.html |
| 942 |
_2lcc _cBK _h571 _iTHE _kJC |
||